Statistics for Fifa 22 Top 25 Italy Players

Click here to take the quiz!

General Stats

  • This quiz has been taken 158 times
  • The average score is 16 of 25

Answer Stats

RatingClubPlayer% Correct
89PSGGianluigi Donnarumma
100%
87PSGMarco Verratti
100%
86Piemonte CalcioGiorgio Chiellini
94%
87LatiumCiro Immobile
93%
85ChelseaJorginho
93%
85Piemonte CalcioLeonardo Bonucci
92%
86NapoliLorenzo Insigne
88%
84Inter MilanNicolo Barella
85%
83Piemonte CalcioFederico Chiesa
83%
82SassuoloDomenico Berardi
65%
81TorinoAndrea Belotti
61%
83Roma FCLeonardo Spinazzola
61%
80West Ham UnitedAngelo Ogbonna
59%
83LatiumFrancesco Acerbi
59%
82AC MilanAlessio Romagnoli
55%
82Piemonte CalcioManuel Locatelli
55%
81Roma FCLorenzo Pellegrini
53%
82Tottenham HotspurPierluigi Gollini
43%
81AC MilanAlessandro Florenzi
41%
82GenoaSalvatore Sirigu
36%
80Roma FCGianluca Mancini
33%
81CagliariAlessio Cragno
31%
81SassuoloAndrea Consigli
29%
81NapoliMatteo Politano
28%
81LatiumManuel Lazzari
24%

Score Distribution

Percentile by Number Answered

Percent of People with Each Score

Your Score History

You have not taken this quiz